[Event "Lanzarote-chT"]
[Site "Arrecife de Lanzarote"]
[Date "2019.03.24"]
[Round "6.3"]
[White "Placeres Reyes, Miguel Angel"]
[Black "Guerra Arrocha, Daniel"]
[Result "0-1"]
[WhiteElo "1988"]
[BlackElo "2038"]
[PlyCount "112"]
[EventDate "2019.03.08"]
[EventType "team-tourn"]
[EventRounds "6"]
[EventCountry "ESP"]
[SourceTitle "EXT 2021"]
[Source "ChessBase"]
[SourceDate "2020.10.23"]
[SourceVersion "1"]
[SourceVersionDate "2020.10.23"]
[SourceQuality "1"]
[WhiteTeam "El Tablero de Guanapay"]
[BlackTeam "La Cochinilla Democracia"]
[WhiteTeamCountry "ESP"]
[BlackTeamCountry "ESP"]

1. e4 c5 2. Nf3 e6 3. c4 Nc6 4. d4 cxd4 5. Nxd4 a6 6. Nc3 Nf6 7. Nxc6 bxc6 8. e5 Ng8 9. a3 Qa5 10. Bf4 g5 11. Bg3 Bg7 12. Qd6 f5 13. b4 Qd8 14. f4 Nh6 15. Be2 Nf7 16. Bh5 gxf4 17. Bxf7+ Kxf7 18. Bxf4 a5 19. 0-0 axb4 20. Ne4 bxa3 21. Bg5 Qf8 22. Qd4 h6 23. Bf6 Bxf6 24. Nxf6 Ra5 25. Nxd7 Qd8 26. Rfd1 Qxd7 27. Qxd7+ Bxd7 28. Rxd7+ Kg6 29. Rd6 Rb8 30. Rxe6+ Kg7 31. Rd6 a2 32. Rdd1 Kf7 33. e6+ Kxe6 34. Re1+ Kf6 35. Kf1 Rb2 36. Re2 Rxe2 37. Kxe2 Ra3 38. Kd2 Ke5 39. Kc2 Kd4 40. Kb2 Ra8 41. Rd1+ Kxc4 42. Ka1 c5 43. Rf1 Kb4 44. Rxf5 c4 45. Rf7 c3 46. Rc7 Kb3 47. Rb7+ Kc2 48. Rf7 Ra3 49. g4 Kd1 50. Rd7+ Kc1 51. h4 Ra4 52. g5 Rxh4 53. gxh6 Rxh6 54. Kxa2 c2 55. Rd5 Ra6+ 56. Kb3 Kb1 0-1

[Event "Lanzarote-chT"]
[Site "Arrecife de Lanzarote"]
[Date "2019.03.22"]
[Round "4.4"]
[White "Hernandez Ramirez, Jose Miguel"]
[Black "Placeres Reyes, Miguel Angel"]
[Result "0-1"]
[WhiteElo "1896"]
[BlackElo "1988"]
[PlyCount "68"]
[EventDate "2019.03.08"]
[EventType "team-tourn"]
[EventRounds "6"]
[EventCountry "ESP"]
[SourceTitle "EXT 2021"]
[Source "ChessBase"]
[SourceDate "2020.10.23"]
[SourceVersion "1"]
[SourceVersionDate "2020.10.23"]
[SourceQuality "1"]
[WhiteTeam "CIAL"]
[BlackTeam "El Tablero de Guanapay"]
[WhiteTeamCountry "ESP"]
[BlackTeamCountry "ESP"]

1. e4 d6 2. d4 Nf6 3. Nc3 g6 4. f4 Bg7 5. Nf3 0-0 6. e5 dxe5 7. fxe5 Nd5 8. Bc4 Be6 9. Qe2 c5 10. Ne4 cxd4 11. Neg5 Nc6 12. Nxe6 fxe6 13. 0-0 Rf5 14. Bd3 Nxe5 15. Bxf5 Nxf3+ 16. Rxf3 exf5 17. Qe6+ Kh8 18. Rh3 Nf6 19. Bg5 Rc8 20. Re1 Rxc2 21. Qf7 Qd5 22. Qxd5 Nxd5 23. Bxe7 Ne3 24. Ba3 Rxg2+ 25. Kh1 Rc2 26. Rexe3 dxe3 27. Rxe3 Bxb2 28. Bf8 Bg7 29. Bd6 h5 30. Re8+ Kh7 31. Re7 Kg8 32. a3 Rc6 33. Bb8 Ra6 34. Rxb7 Rb6 0-1

[Event "Lanzarote-chT"]
[Site "Arrecife de Lanzarote"]
[Date "2019.03.09"]
[Round "2.3"]
[White "Placeres Reyes, Miguel Angel"]
[Black "Morales Camacho, Miguel"]
[Result "1-0"]
[WhiteElo "1988"]
[BlackElo "1541"]
[PlyCount "34"]
[EventDate "2019.03.08"]
[EventType "team-tourn"]
[EventRounds "6"]
[EventCountry "ESP"]
[SourceTitle "EXT 2021"]
[Source "ChessBase"]
[SourceDate "2020.10.23"]
[SourceVersion "1"]
[SourceVersionDate "2020.10.23"]
[SourceQuality "1"]
[WhiteTeam "El Tablero de Guanapay"]
[BlackTeam "Sociedad Democracia"]
[WhiteTeamCountry "ESP"]
[BlackTeamCountry "ESP"]

1. e4 c6 2. d4 d5 3. exd5 cxd5 4. Bd3 Nf6 5. h3 Nc6 6. Nf3 Qc7 7. Nc3 Nb4 8. Nb5 Nxd3+ 9. Qxd3 Qc4 10. Qxc4 dxc4 11. Nc7+ Kd8 12. Nxa8 Nd5 13. Ne5 Be6 14. Nxc4 Nb4 15. Ne3 g6 16. Bd2 Nd5 17. Nxd5 Bxd5 1-0

[Event "Canarias-chT"]
[Site "Vecindario"]
[Date "2018.05.31"]
[Round "1.3"]
[White "Jablanovic, Sasa"]
[Black "Placeres Reyes, Miguel Angel"]
[Result "0-1"]
[WhiteElo "1668"]
[BlackElo "1996"]
[PlyCount "178"]
[EventDate "2018.05.31"]
[EventType "team-swiss"]
[EventRounds "6"]
[EventCountry "ESP"]
[SourceTitle "EXT 2019"]
[Source "ChessBase"]
[SourceDate "2018.10.10"]
[SourceVersion "1"]
[SourceVersionDate "2018.10.10"]
[SourceQuality "1"]
[WhiteTeam "Mogan V"]
[BlackTeam "Tablero de Guanapay"]
[WhiteTeamCountry "ESP"]
[BlackTeamCountry "ESP"]

1. e4 d6 2. d4 Nf6 3. Nc3 g6 4. Nf3 Bg7 5. Bc4 0-0 6. 0-0 Nc6 7. a3 Bg4 8. Be3 e5 9. d5 Nd4 10. Bxd4 exd4 11. Qxd4 Bxf3 12. gxf3 Nh5 13. Qe3 Qh4 14. Ne2 Bxb2 15. Rab1 Be5 16. Ng3 Qh3 17. Rfe1 b6 18. Qg5 Nf4 19. Bf1 Qd7 20. Ne2 Nh3+ 21. Bxh3 Qxh3 22. Qg2 Qh6 23. Red1 Rae8 24. Ng3 Kh8 25. Rd3 Re7 26. Nf1 Qg7 27. Ne3 h5 28. h3 Qf6 29. a4 a5 30. Nc4 Bf4 31. Ne3 Re5 32. Kf1 Rg5 33. Qh1 Re8 34. Ke2 Rge5 35. Rg1 Kh7 36. Rb1 Qh4 37. Rc3 R5e7 38. Rc4 f5 39. Qg2 Bxe3 40. fxe3 fxe4 41. f4 Qf6 42. Rb3 Qf5 43. Rbc3 Qxd5 44. Rxc7 Qf7 45. Rxe7 Rxe7 46. Rc6 Qd5 47. Qg5 Qxg5 48. fxg5 Re5 49. h4 Rc5 50. Rxd6 Rxc2+ 51. Rd2 Rc4 52. Rd4 Rc2+ 53. Kd1 Rb2 54. Rxe4 Kg7 55. Kc1 Ra2 56. Kb1 Re2 57. Re7+ Kf8 58. Re6 Kf7 59. Re4 Rg2 60. Rf4+ Kg7 61. Rf6 Rg4 62. Rxb6 Rxa4 63. Ra6 Rxh4 64. Rxa5 Re4 65. Ra7+ Kf8 66. Ra6 Kf7 67. Rf6+ Kg7 68. Rf3 Rg4 69. Kc2 Rxg5 70. Kd2 Rg2+ 71. Ke1 Kh6 72. Kf1 Rb2 73. e4 Kg5 74. e5 Rb6 75. Kg2 Re6 76. Kg3 Rxe5 77. Kh3 h4 78. Ra3 Kh5 79. Ra8 Re3+ 80. Kg2 g5 81. Ra4 Rd3 82. Rb4 h3+ 83. Kh2 g4 84. Rc4 Kh4 85. Rc1 g3+ 86. Kh1 Kg4 87. Rb1 h2 88. Kg2 Rd2+ 89. Kh1 Kh3 0-1

[Event "Canarias-chT"]
[Site "San Cristobal de La Laguna"]
[Date "2017.06.25"]
[Round "6.4"]
[White "Hidalgo Santana, Fernando"]
[Black "Placeres Reyes, Miguel Angel"]
[Result "1/2-1/2"]
[WhiteElo "2141"]
[BlackElo "1975"]
[PlyCount "76"]
[EventDate "2017.06.22"]
[EventType "team-swiss"]
[EventRounds "6"]
[EventCountry "ESP"]
[SourceTitle "EXT 2024"]
[Source "ChessBase"]
[SourceDate "2023.10.10"]
[SourceVersion "1"]
[SourceVersionDate "2023.10.10"]
[SourceQuality "1"]
[WhiteTeam "Centro Goya Villa de Teror"]
[BlackTeam "Tablero de Guanapay"]
[WhiteTeamCountry "ESP"]
[BlackTeamCountry "ESP"]

1. e4 d6 2. d4 Nf6 3. Nc3 g6 4. f4 Bg7 5. Nf3 Bg4 6. Be2 0-0 7. h3 Bxf3 8. Bxf3 c6 9. a4 e5 10. dxe5 dxe5 11. 0-0 Qxd1 12. Rxd1 exf4 13. Bxf4 Nfd7 14. a5 Ne5 15. Be2 Nbd7 16. Na4 Rfe8 17. Ra3 Bf8 18. Rb3 b5 19. axb6 axb6 20. Bxe5 Rxa4 21. Bd6 Raxe4 22. Bf1 b5 23. Rc3 Bxd6 24. Rxd6 Nb8 25. Ra3 R4e6 26. Rxe6 Rxe6 27. Ra8 Re8 28. g3 Kg7 29. Bg2 Rd8 30. Bf3 Kf6 31. Kf2 Ke6 32. Ke3 Kd6 33. h4 h6 34. Kf4 Rf8 35. Ra3 Re8 36. Ra8 f6 37. h5 gxh5 38. Bxh5 Re5 1/2-1/2

[Event "Canarias-chT"]
[Site "San Cristobal de La Laguna"]
[Date "2017.06.24"]
[Round "4.4"]
[White "Placeres Reyes, Miguel Angel"]
[Black "Hernandez Cabrera, Javier"]
[Result "1-0"]
[WhiteElo "1975"]
[BlackElo "1584"]
[PlyCount "55"]
[EventDate "2017.06.22"]
[EventType "team-swiss"]
[EventRounds "6"]
[EventCountry "ESP"]
[SourceTitle "EXT 2024"]
[Source "ChessBase"]
[SourceDate "2023.10.10"]
[SourceVersion "1"]
[SourceVersionDate "2023.10.10"]
[SourceQuality "1"]
[WhiteTeam "Tablero de Guanapay"]
[BlackTeam "Los Realejos Shah Mat"]
[WhiteTeamCountry "ESP"]
[BlackTeamCountry "ESP"]

1. e4 e6 2. d4 d5 3. exd5 exd5 4. Bd3 Nc6 5. c3 Bd6 6. Nf3 Bg4 7. 0-0 f6 8. Nbd2 Nge7 9. Qc2 Qd7 10. Re1 0-0-0 11. b4 Bf5 12. a4 Bxd3 13. Qxd3 g5 14. Nf1 Ng6 15. Ne3 g4 16. Nd2 Nce7 17. Nb3 f5 18. Nc5 Bxc5 19. bxc5 f4 20. Nf1 Rde8 21. Bd2 Nf5 22. c6 Qf7 23. Qb5 Nd6 24. cxb7+ Kb8 25. Qa6 Rxe1 26. Rxe1 Re8 27. Rb1 Re6 28. Qxa7+ 1-0

[Event "Canarias-chT"]
[Site "Arrecife de Lanzarote"]
[Date "2016.06.24"]
[Round "2.3"]
[White "Alvarez Alonso, Alberto"]
[Black "Placeres Reyes, Miguel Angel"]
[Result "1/2-1/2"]
[WhiteElo "1899"]
[BlackElo "1930"]
[PlyCount "74"]
[EventDate "2016.06.23"]
[EventType "team-swiss"]
[EventRounds "6"]
[EventCountry "ESP"]
[SourceTitle "EXT 2021"]
[Source "ChessBase"]
[SourceDate "2020.10.23"]
[SourceVersion "1"]
[SourceVersionDate "2020.10.23"]
[SourceQuality "1"]
[WhiteTeam "Fundacion La Caja de Canarias"]
[BlackTeam "El Tablero de Guanapay"]
[WhiteTeamCountry "ESP"]
[BlackTeamCountry "ESP"]

1. e4 d6 2. d4 Nf6 3. Nc3 g6 4. Nf3 Bg7 5. Be2 0-0 6. 0-0 Nc6 7. h3 e5 8. Be3 exd4 9. Nxd4 Nxd4 10. Bxd4 Re8 11. Bf3 Bd7 12. Re1 Bc6 13. Qd2 Nd7 14. g3 Ne5 15. Bxe5 Bxe5 16. Bg2 Qf6 17. f4 Bxc3 18. bxc3 Rad8 19. Qd4 Kg7 20. g4 Re6 21. g5 Qxd4+ 22. cxd4 Rde8 23. e5 Bxg2 24. Kxg2 dxe5 25. fxe5 Rc6 26. Rac1 Rc3 27. Re4 c6 28. h4 b5 29. Kf2 Rd8 30. Ke2 b4 31. e6 fxe6 32. Rxe6 Rxd4 33. Re7+ Kg8 34. Rf1 Rxc2+ 35. Ke3 Rd8 36. Rff7 Rc3+ 37. Ke2 Rc2+ 1/2-1/2